00718nam a2200181Ia 4500003000200000005001700002008004100019050002600060100001900086245009700105260009000202300003900292504004100331650004900372650003600421650003500457650004400492020250131115535.0150126s9999 xx 000 0 und d aPHS LC 225b.K49 2014 aKim, Min Jung. aAcademic performances of grade 11 students living with parents of guardians /cMin Jung Kim. aLas Piñas City, Philippines :bSouthville International School and Colleges,c2014. a17 pages :billustration ;c28 cm. aIncludes bibliographical references. aAcademic achievementvPsychological aspects. aStudentsvFamily relationships. aParental influencevEducation. aHome environmentvAcademic performance.